000 00275nam a2200109Ia 4500
008 200302s9999 xx 000 0 und d
100 _aIndra Kagis Mcewen
245 _aVitruvius Writing the Body of Architecture
260 _bThe Mit Press
260 _c2003
300 _a493 P.,
999 _c2801
_d2801